000 00585nam a22001937a 4500
005 20251108164701.0
008 250721s1994 xx 000 0 ara d
082 1 4 _a811.909562/مجد
100 1 _aكامل، مجدي
245 1 0 _aنزار شاعر المرأة و أروع ما كتب فيها /
264 _bمركز الراية للنشر و الإعلام،
_c1994.
300 _a172ص
650 1 7 _aالشعر العربي
650 1 7 _aالتاريخ الأدبي
650 1 7 _aالنقد الأدبي
650 1 7 _aلبنان
942 _2ddc
_cBK
999 _c11766
_d11766